Stade Rennais F.C. : les meilleurs buteurs - Statistiques

Statistiques générales
  • Ce quiz a été pris 310 fois
  • Le résultat moyen est 5 sur 15
Statistiques - réponses
Buts Matchs Nationalité Joueur % Correct
30 83 Français Martin Terrier
83%
52 117 Suisse Alexander Frei
81%
42 220 Français Benjamin Bourigeaud
80%
30 92 Sénégalais M'Baye Niang
56%
41 216 Français Olivier Monterrubio
33%
25 79 Guinéen Serhou Guirassy
31%
37 77 Congolais Shabani Nonda
30%
36 160 Français Adrien Hunou
26%
36 145 Français Sylvain Wiltord
26%
43 211 Français Jimmy Briand
25%
28 75 Nigérian John Utaka
25%
29 43 Français Stéphane Guivarc'h
14%
27 111 Français Julien Féret
13%
27 59 Suisse Marco Grassi
4%
26 100 Français Frédéric Piquionne
1%
Aucun quiz correspondant
Distribution des résultats
% des personnes avec chaque résultat
Percentile par nombre de réponses
Votre historique - résultats
Vous n’avez pas pris ce quiz